Neziskové organizácie - spôsoby financovania

Formy financovania organizácií neziskového sektora. Charakteristika neziskovej organizácie, charakteristické črty, členenie podľa viacerých kritérií. Silné a slabé stránky neziskových organizácií. Spôsob získavania finančných prostriedkov.

Enregistré dans:
Détails bibliographiques
Auteur principal: Hrašková, Dagmar
Format: Chapitre de livre
Langue:slovaque
Sujets:
Tags: Ajouter un tag
Pas de tags, Soyez le premier à ajouter un tag!

MARC

LEADER 00000naa a2200000 4500
001 0260569
005 20200102093150.1
041 0 |a slo 
044 |a SK 
245 1 0 |a Neziskové organizácie - spôsoby financovania  |c Dagmar Hrašková 
520 |a Formy financovania organizácií neziskového sektora. Charakteristika neziskovej organizácie, charakteristické črty, členenie podľa viacerých kritérií. Silné a slabé stránky neziskových organizácií. Spôsob získavania finančných prostriedkov. 
610 2 0 |a financovanie 
610 2 0 |a zdroje finančné 
610 2 0 |a organizácie neziskové 
610 2 0 |a služby verejnoprospešné 
610 2 0 |a fundraising 
100 1 |a Hrašková, Dagmar